| 000 | 00661cam a2200229 a 4500 | ||
|---|---|---|---|
| 999 |
_c7085 _d7085 |
||
| 003 | OSt | ||
| 005 | 20230921150027.0 | ||
| 008 | 140225s2013 spc|||||| 000 0acat|d | ||
| 017 | _aDL B. 25434-2013 | ||
| 020 | _a9788475884677 | ||
| 040 |
_aES-BaCBU _bcat _cCDMR |
||
| 100 | 1 | _aCuyàs, Emmanuel, | |
| 245 | 1 | 3 |
_aEl Nét del pirata / _cEmmanuel Cuyàs |
| 260 |
_aBarcelona : _bProa, _c2013 |
||
| 300 |
_a286 p. ; _c21 cm |
||
| 600 | 1 | 4 | _aCuyàs, Emmanuel, |
| 650 | 4 |
_93139 _aPeriodistes catalans _vBiografia |
|
| 650 | 0 | 4 |
_9797 _aReportatges literaris |
| 651 | 7 |
_aMataró (Catalunya) _xVida social i costums _yS. XX _2lemac |
|
| 940 | _aCVA5 | ||
| 942 |
_cMON _2udc |
||